La función contable y de auditoría del síndico concursal en el análisis del límite de retroacción para declarar inoponibles los actos realizados por el deudor en el período de sospecha propuesta (Registro nro. 20756)
[ vista simple ]
| 000 -LEADER | |
|---|---|
| fixed length control field | 00495 a2200109 4500 |
| 001 - CONTROL NUMBER | |
| control field | ART_38034 |
| 005 - DATE AND TIME OF LATEST TRANSACTION | |
| control field | 20260410161803.0 |
| 008 - FIXED-LENGTH DATA ELEMENTS--GENERAL INFORMATION | |
| fixed length control field | 260409a |
| 100 1# - MAIN ENTRY--PERSONAL NAME | |
| Personal name | Rodríguez, Raquel E. |
| 245 10 - TITLE STATEMENT | |
| Title | La función contable y de auditoría del síndico concursal en el análisis del límite de retroacción para declarar inoponibles los actos realizados por el deudor en el período de sospecha propuesta |
| 773 0# - HOST ITEM ENTRY | |
| Title | Doctrina Societaria y Concursal |
| Related parts | - Nº 340 (mar. 2016) |
| Record control number | REV4298 |
No hay ítems disponibles.